| 000 | 01163nam a2200277 a 4500 | ||
|---|---|---|---|
| 001 | 000017041 | ||
| 005 | 20200929165017.0 | ||
| 008 | 100316s1997 dr bd 000 0 spa d | ||
| 020 | _a8492230517 | ||
| 040 |
_aDO-SdBNP _bspa _cBNPHU |
||
| 082 |
_a614.097293 _bS623s |
||
| 245 | 0 | 3 |
_aLa situación de salud en República Dominicana 1996 / _ccoordinador general Pedro L. Castellanos, Elizabeth Gómez ; presentación Erasmo Vásquez Henríquez, Merlín Fernández. |
| 260 |
_aSanto Domingo : _bOPS, _c1997. |
||
| 300 |
_a202 p. : _bil., maps., diagr. ; _c25 cm. |
||
| 504 | _aIncluye referencias bibliográficas y notas al pie de las páginas | ||
| 590 | _aInventariado, 2018/LP | ||
| 650 | 4 |
_aSalud pública _zRepública Dominicana _92078 |
|
| 650 | 4 |
_aPoblación _zRepública Dominicana _937602 |
|
| 650 | 4 |
_aServicios de salud _zRepública Dominicana _920952 |
|
| 700 | 1 | 2 |
_aCastellanos, Pedro L., _ecoord. _937603 |
| 700 | 1 | 2 |
_aGómez, Elizabeth, _ecoord. _937604 |
| 700 | 1 | 2 |
_aVásquez Henríquez, Erasmo _920009 |
| 700 | 1 | 2 |
_aFernández, Merlín _937605 |
| 710 | 2 |
_aOrganización Panamericana de la Salud _91055 |
|
| 910 | _aValidado. Control de calidad MFF | ||
| 999 |
_c16567 _d16567 |
||